[Event "Regionalliga NW 1314"]
[Site "Bayern"]
[Date "2013.11.24"]
[Round "3.5"]
[White "Schmitz, Wolfgang"]
[Black "Verlatov, Artjom"]
[Result "0-1"]
[WhiteElo "1849"]
[BlackElo "1971"]
[PlyCount "62"]
[EventDate "2013.10.13"]
[EventType "team-tourn"]
[EventRounds "9"]
[EventCountry "GER"]
[SourceTitle "EXT 2015"]
[Source "ChessBase"]
[SourceDate "2014.11.20"]
[SourceVersion "1"]
[SourceVersionDate "2014.11.20"]
[SourceQuality "1"]
[WhiteTeam "Prichsenstadt"]
[BlackTeam "Hof"]
[WhiteTeamCountry "GER"]
[BlackTeamCountry "GER"]

1. e4 c5 2. Nf3 d6 3. d4 cxd4 4. Nxd4 Nf6 5. Nc3 g6 6. Be2 Nc6 7. Be3 Bg7 8. Qd2 Ng4 9. Bxg4 Bxg4 10. 0-0 Ne5 11. Rae1 Nc4 12. Qc1 Nxe3 13. Qxe3 0-0 14. Nb3 a6 15. Kh1 Rc8 16. a4 Rc4 17. f4 Bxc3 18. bxc3 Qc8 19. f5 Bh5 20. h3 Rxc3 21. Qg5 f6 22. Qh6 Rg3 23. Kh2 Rg5 24. Re3 Qxc2 25. Rg1 Qf2 26. Rc3 b5 27. Na5 Qd2 28. Rc7 Rxg2+ 29. Rxg2 Qxh6 30. fxg6 Bxg6 31. Rxe7 Qf4+ 0-1

[Event "Regionalliga NW 1213"]
[Site "Bayern"]
[Date "2012.10.14"]
[Round "1.5"]
[White "Verlatov, Artjom"]
[Black "Horther, Heinrich"]
[Result "0-1"]
[WhiteElo "1970"]
[BlackElo "1949"]
[PlyCount "74"]
[EventDate "2012.10.14"]
[EventType "team-tourn"]
[EventRounds "9"]
[EventCountry "GER"]
[SourceTitle "EXT 2015"]
[Source "ChessBase"]
[SourceDate "2014.11.20"]
[SourceVersion "1"]
[SourceVersionDate "2014.11.20"]
[SourceQuality "1"]
[WhiteTeam "Hof"]
[BlackTeam "Kronach"]
[WhiteTeamCountry "GER"]
[BlackTeamCountry "GER"]

1. e4 e6 2. d4 d5 3. e5 c5 4. c3 Qb6 5. Nf3 Bd7 6. a3 Bb5 7. c4 Bxc4 8. Bxc4 dxc4 9. d5 Ne7 10. Qa4+ Nd7 11. dxe6 Qxe6 12. 0-0 Nc6 13. Nc3 Nb6 14. Qb5 0-0-0 15. Bg5 Be7 16. Ne4 f6 17. Be3 Nd4 18. Bxd4 cxd4 19. Nc5 Qd5 20. b4 fxe5 21. a4 e4 22. a5 Bxc5 23. bxc5 exf3 24. axb6 a6 25. Rxa6 bxa6 26. Qxa6+ Qb7 27. Qb5 Rd5 28. Ra1 d3 29. Qxc4 d2 30. Qg4+ Rd7 31. Qe6 Qd5 32. b7+ Qxb7 33. c6 Qa7 34. cxd7+ Kd8 35. Rd1 Qd4 36. Qe3 Qxe3 37. fxe3 Rf8 0-1

[Event "Regionalliga NW 1011"]
[Site "Bayern"]
[Date "2011.02.06"]
[Round "6.6"]
[White "Federschmidt, Ralf"]
[Black "Verlatov, Artjom"]
[Result "0-1"]
[WhiteElo "1905"]
[BlackElo "1976"]
[PlyCount "54"]
[EventDate "2010.10.10"]
[EventType "team-tourn"]
[EventRounds "9"]
[EventCountry "GER"]
[SourceTitle "EXT 2012"]
[Source "ChessBase"]
[SourceDate "2011.11.24"]
[SourceVersion "1"]
[SourceVersionDate "2011.11.24"]
[SourceQuality "1"]
[WhiteTeam "Bad Neustadt"]
[BlackTeam "Hof PTSV"]
[WhiteTeamCountry "GER"]
[BlackTeamCountry "GER"]

1. e4 c5 2. f4 Nc6 3. Nf3 g6 4. Nc3 Bg7 5. Bc4 e6 6. 0-0 Nge7 7. d3 0-0 8. a3 d5 9. Ba2 b6 10. e5 a6 11. d4 Bb7 12. Ne2 Qc7 13. Be3 Rac8 14. Rc1 Na5 15. Bf2 Nc4 16. b3 Nxa3 17. dxc5 bxc5 18. c4 Rfd8 19. Qe1 d4 20. Ng3 d3 21. Qc3 Bxf3 22. gxf3 g5 23. Ne4 gxf4 24. Bxc5 Bxe5 25. Qb4 Nc2 26. Rxc2 dxc2 27. Bxe7 Rd1 0-1

[Event "Regionalliga NW 0910"]
[Site "Bayern"]
[Date "2010.02.07"]
[Round "6.5"]
[White "Verlatov, Artjom"]
[Black "Gould, Charles"]
[Result "1/2-1/2"]
[WhiteElo "1987"]
[BlackElo "1963"]
[PlyCount "56"]
[EventDate "2009.10.18"]
[EventType "team-tourn"]
[EventRounds "9"]
[EventCountry "GER"]
[SourceTitle "EXT 2011"]
[Source "ChessBase"]
[SourceDate "2010.11.26"]
[SourceVersion "1"]
[SourceVersionDate "2010.11.26"]
[SourceQuality "1"]
[WhiteTeam "Hof"]
[BlackTeam "Wuerzburg II"]
[WhiteTeamCountry "GER"]
[BlackTeamCountry "GER"]

1. e4 d6 2. d4 Nf6 3. Nc3 g6 4. Be3 c6 5. Qd2 b5 6. f3 Nbd7 7. g4 Nb6 8. b3 Qc7 9. Nge2 h5 10. g5 Nfd7 11. f4 e5 12. Bh3 Bg7 13. 0-0 Bb7 14. dxe5 dxe5 15. f5 Bf8 16. fxg6 fxg6 17. Be6 0-0-0 18. Nf4 Kb8 19. Nxg6 Rh7 20. Bxd7 Nxd7 21. Rad1 Bb4 22. Nxe5 Bxc3 23. Qxc3 Kc8 24. Nxd7 Rhxd7 25. Rxd7 Qxd7 26. Qe5 Qg4+ 27. Kh1 Rd1 28. Rxd1 Qf3+ 1/2-1/2

[Event "Bayern-chA 80th"]
[Site "Immenstadt"]
[Date "2009.08.29"]
[Round "8"]
[White "Verlatov, Artjom"]
[Black "Basener, Winfried"]
[Result "0-1"]
[WhiteElo "1996"]
[BlackElo "2085"]
[PlyCount "68"]
[EventDate "2009.08.22"]
[EventType "swiss"]
[EventRounds "9"]
[EventCountry "GER"]
[SourceTitle "EXT 2015"]
[Source "ChessBase"]
[SourceDate "2014.11.20"]
[SourceVersion "1"]
[SourceVersionDate "2014.11.20"]
[SourceQuality "1"]

1. e4 e5 2. Nf3 Nc6 3. Bc4 Nf6 4. Ng5 Bc5 5. Bxf7+ Ke7 6. Bb3 Rf8 7. 0-0 h6 8. Nf3 d6 9. d3 Bg4 10. Be3 Nh5 11. Nbd2 Nd4 12. Bxd4 Bxd4 13. h3 Bxf3 14. Nxf3 Bxb2 15. Rb1 Bc3 16. Nh4 Qe8 17. Bd5 Rb8 18. Qg4 Rf6 19. Bxb7 d5 20. Bxd5 Rxb1 21. Rxb1 g6 22. Rb7 Ba5 23. Rxa7 Bb6 24. Ra8 Bxf2+ 25. Kh2 Qb5 26. Nf5+ Rxf5 27. h4 Bg3+ 28. Kh3 Qb1 29. Re8+ Kd7 30. Bc6+ Kxc6 31. Qxg6+ Rf6 32. Qxh5 Bf4 33. Qf3 Qh1+ 34. Kg4 h5+ 0-1

[Event "Bayern-chA 80th"]
[Site "Immenstadt"]
[Date "2009.08.23"]
[Round "2"]
[White "Verlatov, Artjom"]
[Black "Kaunzinger, Albert"]
[Result "0-1"]
[WhiteElo "1996"]
[BlackElo "2205"]
[PlyCount "117"]
[EventDate "2009.08.22"]
[EventType "swiss"]
[EventRounds "9"]
[EventCountry "GER"]
[SourceTitle "EXT 2015"]
[Source "ChessBase"]
[SourceDate "2014.11.20"]
[SourceVersion "1"]
[SourceVersionDate "2014.11.20"]
[SourceQuality "1"]

1. e4 d5 2. exd5 Qxd5 3. Nc3 Qa5 4. d4 Nf6 5. Bc4 Nc6 6. Nge2 Bg4 7. f3 Be6 8. Bxe6 fxe6 9. 0-0 0-0-0 10. Ne4 h6 11. c3 e5 12. Qb3 exd4 13. Nxd4 Nxd4 14. cxd4 Qb6 15. Qxb6 axb6 16. Be3 Nd5 17. Bf2 e6 18. a3 Bd6 19. Rfe1 Kd7 20. Re2 Ra8 21. Rc1 Ra4 22. Rd2 Bf4 23. Rdc2 Bxc1 24. Rxc1 Nf4 25. Rc2 Rf8 26. Be3 Nd5 27. Bf2 Rfa8 28. Kf1 R8a5 29. Kg1 Rb5 30. Nd2 Ne7 31. Nb1 Rb3 32. Nd2 Rb5 33. Nb1 Rf5 34. Nd2 Nc6 35. Nb3 Rb5 36. Rc3 Na5 37. Nxa5 Raxa5 38. b4 Ra8 39. g4 c6 40. Kg2 Rd5 41. Kg3 Ke7 42. f4 Kf7 43. h4 h5 44. g5 Kg6 45. Kf3 Kf5 46. Re3 Rad8 47. Re2 Ra8 48. Re3 c5 49. bxc5 bxc5 50. dxc5 Rxc5 51. Rb3 Rd5 52. Rxb7 Rxa3+ 53. Kg2 Rd2 54. Rxg7 Kg4 55. f5 Raa2 56. Rc7 Rxf2+ 57. Kg1 Rfb2 58. Rc1 exf5 59. g6 0-1

[Event "Regionalliga NW 0809"]
[Site "Bayern"]
[Date "2009.01.18"]
[Round "5.5"]
[White "Tiller, Jaroslav"]
[Black "Verlatov, Artjom"]
[Result "1-0"]
[WhiteElo "2051"]
[BlackElo "2043"]
[PlyCount "83"]
[EventDate "2008.10.05"]
[EventType "team-tourn"]
[EventRounds "9"]
[EventCountry "GER"]
[SourceTitle "EXT 2020"]
[Source "ChessBase"]
[SourceDate "2019.10.17"]
[SourceVersion "1"]
[SourceVersionDate "2019.10.17"]
[SourceQuality "1"]
[WhiteTeam "Bindlach II"]
[BlackTeam "Hof"]
[WhiteTeamCountry "GER"]
[BlackTeamCountry "GER"]

1. d4 f5 2. Bg5 g6 3. e3 Bg7 4. Nf3 Nf6 5. Nbd2 d6 6. Bc4 Nbd7 7. Qe2 c6 8. Bb3 h6 9. Bxf6 Nxf6 10. Nh4 g5 11. Ng6 Rh7 12. h4 g4 13. h5 d5 14. f3 Qd6 15. Ne5 Nd7 16. f4 Nxe5 17. fxe5 Qd8 18. Nf1 e6 19. Ng3 Qg5 20. Qf2 Bf8 21. Ne2 a5 22. c3 b5 23. a3 Rc7 24. Nf4 Bd7 25. g3 c5 26. 0-0 c4 27. Bc2 Rb8 28. Rfc1 b4 29. axb4 axb4 30. Ba4 Qe7 31. Bxd7+ Qxd7 32. Ra6 Rc6 33. Rca1 Kf7 34. Qc2 b3 35. Qb1 Rcb6 36. Rxb6 Rxb6 37. Ra8 Be7 38. Kf2 Rb7 39. Qa1 Kg7 40. Qa6 Kf7 41. Nxe6 Qb5 42. Nd8+ 1-0

[Event "Regionalliga NW 0607"]
[Site "Bayern"]
[Date "2006.10.15"]
[Round "1.8"]
[White "Becker, Thomas3333"]
[Black "Verlatov, Artjom"]
[Result "0-1"]
[WhiteElo "1842"]
[BlackElo "1878"]
[PlyCount "152"]
[EventDate "2006.10.15"]
[EventType "team-tourn"]
[EventRounds "9"]
[EventCountry "GER"]
[SourceTitle "EXT 2008"]
[Source "ChessBase"]
[SourceDate "2007.11.25"]
[SourceVersion "1"]
[SourceVersionDate "2007.11.25"]
[SourceQuality "1"]
[WhiteTeam "Klingenberg"]
[BlackTeam "Hof"]
[WhiteTeamCountry "GER"]
[BlackTeamCountry "GER"]

1. e4 c5 2. Nf3 d6 3. d4 cxd4 4. Nxd4 Nf6 5. Nc3 g6 6. Bc4 Bg7 7. f3 0-0 8. Be3 Nc6 9. Qd2 Bd7 10. 0-0-0 Qa5 11. g4 Rfc8 12. Bb3 Ne5 13. Nd5 Qxd2+ 14. Rxd2 Nxd5 15. Bxd5 Nc4 16. Bxc4 Rxc4 17. Kb1 Rac8 18. Rhd1 a5 19. h4 a4 20. Ne2 b5 21. Bd4 Bxd4 22. Nxd4 Kg7 23. Ne2 Kf6 24. g5+ Kg7 25. a3 h6 26. gxh6+ Kxh6 27. Rh1 Kg7 28. h5 Rh8 29. Ng3 Rc5 30. Rdh2 Rg5 31. h6+ Kh7 32. Ne2 Rc8 33. Nc3 Be6 34. Rd2 Rcc5 35. Rdh2 Rh5 36. Ne2 Kxh6 37. Rxh5+ Rxh5 38. Rg1 Bc4 39. Nf4 Rh2 40. Kc1 g5 41. Ng2 Be2 42. f4 gxf4 43. Nxf4 Bf3 44. Re1 Rh1 45. Rxh1+ Bxh1 46. Nd5 e6 47. Nc3 Kg5 48. Kd2 d5 49. exd5 Bxd5 50. Nxb5 Kg4 51. Nc3 Bc6 52. b4 axb3 53. cxb3 f5 54. b4 f4 55. b5 Bb7 56. Ke2 Kg3 57. Kf1 f3 58. Nd1 Bd5 59. Ne3 Be4 60. b6 Bd3+ 61. Ke1 f2+ 62. Kd2 Ba6 63. a4 Kf3 64. a5 e5 65. Nf1 e4 66. Ne3 Bc8 67. Nf1 Bb7 68. Ne3 Ba6 69. Nf1 Bxf1 70. b7 e3+ 71. Kc3 e2 72. b8Q e1Q+ 73. Kc2 Bd3+ 74. Kxd3 f1Q+ 75. Kd4 Qe4+ 76. Kc5 Qf2+ 0-1

[Event "Oberfranken-ch U18"]
[Site "Schney"]
[Date "2006.01.02"]
[Round "2.4"]
[White "Bizzell, Brandon"]
[Black "Verlatov, Artjom"]
[Result "1-0"]
[WhiteElo "1741"]
[BlackElo "1728"]
[PlyCount "75"]
[EventDate "2006.01.02"]
[EventType "swiss"]
[EventRounds "7"]
[EventCountry "GER"]
[SourceTitle "EXT 2019"]
[Source "ChessBase"]
[SourceDate "2018.10.10"]
[SourceVersion "1"]
[SourceVersionDate "2018.10.10"]
[SourceQuality "1"]

1. e4 c5 2. Nf3 d6 3. Bb5+ Bd7 4. Bxd7+ Qxd7 5. c4 g6 6. 0-0 Nc6 7. d4 cxd4 8. Nxd4 Nf6 9. Nc3 Bg7 10. Nde2 0-0 11. f3 a6 12. a4 Rac8 13. Be3 Qc7 14. b3 Qa5 15. Rb1 Ng4 16. Qd2 Nxe3 17. Qxe3 Qc5 18. Qf2 Nd4 19. Rfd1 Nxe2+ 20. Nxe2 b5 21. Rdc1 bxa4 22. bxa4 Qxf2+ 23. Kxf2 Rb8 24. Ke3 Bh6+ 25. f4 g5 26. g3 Rfe8 27. Kd3 gxf4 28. gxf4 e5 29. Rg1+ Kf8 30. fxe5 dxe5 31. Nc3 Ke7 32. Rgf1 Rec8 33. Rfe1 Rxb1 34. Rxb1 Rc6 35. Nd5+ Kd6 36. Rb7 Ke6 37. Re7+ Kd6 38. Rxf7 1-0

[Event "Oberfranken-ch U18"]
[Site "Schney"]
[Date "2006.01.02"]
[Round "1.3"]
[White "Verlatov, Artjom"]
[Black "Stoecklein, Tony"]
[Result "0-1"]
[WhiteElo "1728"]
[BlackElo "1159"]
[PlyCount "44"]
[EventDate "2006.01.02"]
[EventType "swiss"]
[EventRounds "7"]
[EventCountry "GER"]
[SourceTitle "EXT 2019"]
[Source "ChessBase"]
[SourceDate "2018.10.10"]
[SourceVersion "1"]
[SourceVersionDate "2018.10.10"]
[SourceQuality "1"]

1. e4 e5 2. Nf3 Nf6 3. Nxe5 d6 4. Nf3 Nxe4 5. d4 Bf5 6. Bd3 Be7 7. 0-0 0-0 8. Re1 d5 9. c4 c6 10. Nc3 Nxc3 11. bxc3 Bxd3 12. Qxd3 Re8 13. cxd5 cxd5 14. Ng5 Bxg5 15. Bxg5 Qd7 16. Qg3 Re6 17. Rxe6 Qxe6 18. Rb1 Nc6 19. h3 b6 20. Qf3 Qg6 21. Qxd5 Qxb1+ 22. Kh2 Qg6 0-1

[Event "Oberfranken-ch U16 0405"]
[Site "Schney"]
[Date "2005.01.03"]
[Round "3"]
[White "Verlatov, Artjom"]
[Black "Bizzell, Brandon"]
[Result "1/2-1/2"]
[WhiteElo "1709"]
[BlackElo "1349"]
[PlyCount "36"]
[EventDate "2005.01.02"]
[EventType "swiss"]
[EventRounds "7"]
[EventCountry "GER"]
[SourceTitle "EXT 2007"]
[Source "ChessBase"]
[SourceDate "2006.11.23"]
[SourceVersion "1"]
[SourceVersionDate "2006.11.23"]
[SourceQuality "1"]

1. e4 d5 2. exd5 Qxd5 3. Nc3 Qa5 4. d4 c6 5. Bf4 Bf5 6. Nf3 Nf6 7. Bc4 e6 8. 0-0 Bb4 9. Ne2 Nbd7 10. a3 Be7 11. b4 Qd8 12. Bd3 Bxd3 13. Qxd3 Nb6 14. Qb3 Qd5 15. Rab1 Qc4 16. Rfe1 Ne4 17. Ne5 Qxb3 18. Rxb3 Rd8 1/2-1/2

[Event "Oberfranken-ch U16 0304"]
[Site "Schney"]
[Date "2004.01.04"]
[Round "5"]
[White "Duetz, Christoph"]
[Black "Verlatov, Artjom"]
[Result "0-1"]
[WhiteElo "1176"]
[BlackElo "1535"]
[PlyCount "88"]
[EventDate "2004.01.02"]
[EventType "swiss"]
[EventRounds "7"]
[EventCountry "GER"]
[SourceTitle "EXT 2005"]
[Source "ChessBase"]
[SourceDate "2004.11.15"]
[SourceVersion "1"]
[SourceVersionDate "2004.11.15"]
[SourceQuality "1"]

1. e4 c5 2. Nf3 d6 3. Bc4 e6 4. Nc3 a6 5. a3 Nc6 6. 0-0 Nf6 7. d4 cxd4 8. Nxd4 Be7 9. Re1 Qc7 10. Nf3 0-0 11. Bg5 b5 12. Ba2 Bb7 13. Qe2 Rfd8 14. e5 dxe5 15. Nxe5 Nxe5 16. Qxe5 Bd6 17. Qe3 Bxh2+ 18. Kh1 Qc6 19. Qf3 Qxf3 20. gxf3 Bc7 21. Kg2 h6 22. Bxf6 gxf6 23. Ne4 Bxe4 24. fxe4 Rd2 25. Rac1 Bb6 26. Rf1 Rad8 27. Kf3 Bd4 28. c3 Bb6 29. Rg1+ Kh7 30. Rg2 R8d3+ 31. Kf4 Rxf2+ 32. Rxf2 Bxf2 33. Bb1 Be3+ 34. Kg4 Bxc1 35. Bxd3 Bxb2 36. a4 bxa4 37. c4 a3 38. Bb1 Bd4 39. Kh5 Kg7 40. Ba2 f5 41. exf5 exf5 42. Bb1 Kf6 43. Kxh6 f4 44. Kh7 f3 0-1